000 01307nam a22002297a 4500
999 _c62079
_d62079
003 Ge_BSU
005 20240704134822.0
008 240704s2021 ge ||||| |||| 00| 0 geo d
020 _a9789941328930
041 _ageo
080 _a339.138(075.8)დ-16
100 _aდაისი, რაიან, ავტორი.
_922709
245 _aციფრული მარკეტინგი მარტივად /
_cრაიან დაისი და რას ჰენებერი ; მთარგმნელი მაია ვასაძე ; სარედაქციო ჯგუფი: ლალი ჭინჭარაული, ზურაბ აბაშიძე, მზია ბარბაქაძე [და სხვა].
264 _aთბილისი :
_b პალიტრა L,
_c2021.
300 _a424 გვ. :
_bსურ. ;
_c 23 სმ.
440 _aლურჯი ოკეანე
_913234
653 _aმარკეტინგი
700 _aჰენებერი, რა
_922710
700 _aვასაძე, მაია
_eმთარგმნელი
_912263
700 _aჭინჭარაული, ლალი
_eსარედაქციო ჯგუფი და სხვ.
_922711
942 _2udc
_cᲬᲘᲒᲜᲘ